000 00348nam a22001457a 4500
999 _c15694
_d15694
003 OSt
008 190528b ||||| |||| 00| 0 eng d
020 _a9788177545005
082 _a633
_bSHA/PR
100 _aShakila, A
_94184
245 _aProduction technology of spices
260 _aJodhpur
_b Agrobios
_c 2013
300 _a264 p.
942 _cBK